=LDR 00000nam 2200000 4500 =001 INLIS000000000031220 =005 20130612133314 =008 ***********************************Ind** =035 ##$$0010-061300000031220 =041 ##$$a Ind =082 ##$$a 616.15 =090 ##$$a 616.15, Han a =100 ##$$a Handayani, Wiwik =245 ##$$a Asuhan keperawatan pada klien dengan gangguan sistem, hermatologi, Wiwik Handayani; Audi Sulistyo Harbowo =260 ##$$a 2008 $b Jakarta =300 ##$$a ix, 143 hlm, ilus, 23 cm =650 ##$$a Hematologi - Perawatan =700 ##$$a Harbowo, Audi Sulistyo =850 ##$$a NBPNMAT =990 ##$$a 0001/BPAP-NTB/20142014 =990 ##$$a 0001/BPAP-NTB/2015 =990 ##$$a 0001/BPAP-NTB/2015